Bibliografía analítica sobre documentos menos diseminados producidos por agencias de integración de América Latina y el Caribe 1970-1978

-д хадгалсан:
Номзүйн дэлгэрэнгүй
Байгууллагын зохиогч: CEPAL (Зохиогч)
Формат: Ном
Хэл сонгох:испани
Хэвлэсэн: Santiago CEPAL 1978
Нөхцлүүд:
Шошгууд: Шошго нэмэх
Шошго байхгүй, Энэхүү баримтыг шошголох эхний хүн болох!

MARC

LEADER 00000nam a2200000 a 4500
001 UCT6202
003 CL-VaPUC
008 970106e19780000CL |||||||||||||||||spa|d
082 0 4 |a 016  |b CEP  |2 21 
110 2 |a CEPAL  |e author  |9 376101 
245 1 0 |a Bibliografía analítica sobre documentos menos diseminados producidos por agencias de integración de América Latina y el Caribe 1970-1978 
300 |a 410 p 
942 |c BK 
945 |d 19970106 00:00:00  |a paguirre 
260 |a Santiago  |b CEPAL  |c 1978 
650 0 |a Bibliografías   |9 257071 
650 7 |a DESCRIPCION BIBLIOGRAFICA  |2 CL-VaPUC  |9 372446 
650 7 |a DOCUMENTOS  |2 CL-VaPUC  |9 366450 
650 7 |a MATERIALES DE REFERENCIA  |2 CL-VaPUC  |9 362402 
651 0 |a América Latina   |9 255027 
651 7 |a ISLAS CARIBES  |2 CL-VaPUC  |9 255533 
583 |a last modification  |c 19970106 00:00:00  |k Rodrigo Vera 
999 |c 254918  |d 254916 
952 |0 0  |1 0  |4 0  |6 016_000000000000000_CEP_1978  |7 0  |8 A  |9 276895  |a BIBDER  |b BIBDER  |d 2019-11-19  |i 180040K  |o 016 CEP 1978  |p 180040K  |r 2023-01-25  |w 2019-11-19  |y BK  |k DER